Technology and innovation in the international economy / (Record no. 6808)
[ view plain ]
| 000 -LEADER | |
|---|---|
| fixed length control field | 00703cam a22002052 4500 |
| 001 - CONTROL NUMBER | |
| control field | 0000005030 |
| 005 - DATE AND TIME OF LATEST TRANSACTION | |
| control field | 20151217151950.0 |
| 008 - FIXED-LENGTH DATA ELEMENTS--GENERAL INFORMATION | |
| fixed length control field | 070605s xx 000 0 eng d |
| 020 ## - INTERNATIONAL STANDARD BOOK NUMBER | |
| International Standard Book Number | 1858980275 : |
| 040 ## - CATALOGING SOURCE | |
| Original cataloging agency | KABU |
| Transcribing agency | KABU |
| 050 #0 - LIBRARY OF CONGRESS CALL NUMBER | |
| Classification number | T173.8 |
| Item number | .T43 |
| 245 10 - TITLE STATEMENT | |
| Title | Technology and innovation in the international economy / |
| Statement of responsibility, etc. | edited by Charles Cooper. |
| 260 ## - PUBLICATION, DISTRIBUTION, ETC. (IMPRINT) | |
| Place of publication, distribution, etc. | Brookfield, Vermont : |
| Name of publisher, distributor, etc. | Edward Eglar ; |
| Place of publication, distribution, etc. | Tokyo : |
| Name of publisher, distributor, etc. | United Nations University Press, |
| Date of publication, distribution, etc. | c1994. |
| 300 ## - PHYSICAL DESCRIPTION | |
| Extent | xi, 239 p. ; |
| Dimensions | 23 cm. |
| 650 #0 - SUBJECT ADDED ENTRY--TOPICAL TERM | |
| Topical term or geographic name as entry element | Technological innovations |
| Geographic subdivision | Developing countries. |
| -- | 0000156087 |
| 700 1# - ADDED ENTRY--PERSONAL NAME | |
| Personal name | Cooper, Charles. |
| -- | 0000156088 |
| 908 ## - PUT COMMAND PARAMETER (RLIN) | |
| Put command parameter | 070605 |
| 950 ## - LOCAL HOLDINGS (RLIN) | |
| -- | 1 |
| Withdrawn status | Lost status | Source of classification or shelving scheme | Not for loan | Home library | Current library | Date acquired | Total Checkouts | Full call number | Barcode | Date last seen | Price effective from | Koha item type |
|---|---|---|---|---|---|---|---|---|---|---|---|---|
| Library of Congress Classification | Kabarak, Main Campus | Kabarak, Main Campus | 17/12/2015 | T173.8 .T43 c. 1 | 15942 | 17/12/2015 | 17/12/2015 | General Collection |